000 00346nam a22001337a 4500
008 200317b ||||| |||| 00| 0 eng d
082 _a615.19 SIM
100 _aSingh, Harikishan
245 _aMedicinal and Pharmaceutical Chemistry
250 _aReprint 2019
260 _aNew Delhi
_bVallabh
650 _aMedicinal Chemistry
942 _2ddc
_cBK
999 _c8539
_d8539